000 00477nam a22001577a 4500
020 _qHard Cover.
082 _a658
100 _aKiran, Nazia
245 _aThe Impact of Employee Engagement on the Performance of Employee
_cNazia Kiran.
260 _aIslamabad:
_bNBS - NUST,
_c2014.
300 _a51 p. :
_bill. ;
_c30cm.
_e+CD
650 _aMBA-Thesis.
_917629
700 _aSana Ahmad.
_926294
942 _2ddc
_cTHE
999 _c532899
_d532899